000 00407nam a2200169Ia 4500
001 9329
003 IN-NITTTR
005 20251114233046.0
008 251113s9999||||xx |||||||||||||| ||eng||
040 _beng
040 _cIN-NITTTR
041 _aeng
082 _a330.1 A85A
100 _aAhuja, H. L.
245 0 _aAdvanced economic theory :
_b microeconomic analysis /
_cAhuja, H. L.
942 _2ddc
_cBK
999 _c11966
_d11966